000 00285nam a22001337a 4500
008 170615b xxu||||| |||| 00| 0 eng d
020 _a9780073545646
041 _aeng
080 _25TH
_a32
100 _a19
101 _aSHP
245 _aTAKING SIDES
_cBENNETT,A
942 _2udc
_cBK
999 _c17464
_d17464